Normal view
MARC view
Entry Personal Name
001 - CONTROL NUMBER
- control field: 83694
003 - CONTROL NUMBER IDENTIFIER
- control field: OSt
005 - DATE AND TIME OF LATEST TRANSACTION
- control field: 20260221162258.0
008 - FIXED-LENGTH DATA ELEMENTS
- fixed length control field: 260221|| aca||aabn | a|a d
040 ## - CATALOGING SOURCE
- Original cataloging agency: OSt
- Transcribing agency: OSt
100 ## - HEADING--PERSONAL NAME
- Personal name: अग्रवाल,डॉ. विजय
670 ## - SOURCE DATA FOUND
- Source citation: Work cat.: (OSt)68645: अग्रवाल,डॉ. विजय , UPSCप्रीलिम्स ऐसे होगा कैक TOPPERS की जीत का फाॅर्मूला , 2026









